| 000 | 00445cam a2200181ua 4500 | ||
|---|---|---|---|
| 020 | _c9.00 | ||
| 041 |
_aeng _h |
||
| 082 |
_a621.301 _bPRA/WO |
||
| 100 | _aPratt, W.T. | ||
| 245 |
_aWorked examples in electrical technology / _cW.T.Pratt. _hTextual Documents |
||
| 250 |
_a1 / _b. |
||
| 260 |
_a : _bHutchinson Technical education , _c1962. |
||
| 300 | _a261 ; . | ||
| 365 | _a9.00 | ||
| 504 | _a | ||
| 942 | _cBK | ||
| 999 |
_c208 _d208 |
||